Escritos Duchamp du Signe
Збережено в:
| Автор: | |
|---|---|
| Формат: | Книга |
| Мова: | Іспанська |
| Опубліковано: |
Barcelona
Gustavo Gili
1978
|
| Серія: | Colección Comunicación Visual. Serie Clásicos
|
| Предмети: | |
| Теги: |
Додати тег
Немає тегів, Будьте першим, хто поставить тег для цього запису!
|
MARC
| LEADER | 00000nam a2200000 a 4500 | ||
|---|---|---|---|
| 001 | UCV7543 | ||
| 003 | CL-VaPUC | ||
| 008 | 880816e19780000SP |||||||||||||||||spa|d | ||
| 082 | 0 | 4 | |a 750.1 |b DUC |2 21 |
| 100 | |a Duchamp, Marcel |e author |9 265048 | ||
| 245 | 1 | 0 | |a Escritos Duchamp du Signe |
| 300 | |a 254 p | ||
| 942 | |c BK | ||
| 945 | |d 19880816 00:00:00 |a oaravena | ||
| 260 | |a Barcelona |b Gustavo Gili |c 1978 | ||
| 600 | 0 | |a Duchamp, Marcel |9 265048 | |
| 650 | 0 | |a Arte |v Filosofía |9 265049 | |
| 583 | |a last modification |c 19880816 00:00:00 |k Rodrigo Vera | ||
| 490 | 0 | |a Colección Comunicación Visual. Serie Clásicos | |
| 999 | |c 213201 |d 213199 | ||
| 952 | |0 0 |1 1 |4 0 |6 750_100000000000000_DUC_1978 |7 0 |8 A |9 195328 |a BIBARQ |b BIBARQ |d 2019-11-14 |i 2633957 |o 750.1 DUC 1978 |p 2633957 |r 2019-11-14 |w 2019-11-14 |x Retirado en Inventario 2023 |y BK |k ARQ | ||